00321 a2200097 4500001000700000040003500007100003100042240007300073245006800146362000900214155463 cEscola São Tomás de Aquino aALVES, Januária Cristina10aO curupira e outros seres fantásticos do folclore brasileiro lpor10aO curupira e outros seres fantásticos do folclore brasileiro 0 a2017